| 000 | 01523cam a22004574i 4500 | ||
|---|---|---|---|
| 003 | PE-LiUPU | ||
| 005 | 20250731172739.0 | ||
| 008 | 150617s1982 ag r 000 0 spa d | ||
| 020 | _a8449900670 | ||
| 035 | _a(Sirsi) i9788449900679 | ||
| 040 |
_aPE-LiUPU _bspa _cPE-LiUPU _erda |
||
| 049 | _aPRUA | ||
| 082 | 0 | 4 |
_a230 _bD78 _221 |
| 100 | 1 |
_aDi Pardo, Liborio, _eautor. |
|
| 245 | 1 | 0 |
_aCompendio biblico - doctrinal : _bordenado alfabeticamente / _cLiborio Di Pardo. |
| 264 | 1 |
_aBuenos Aires : _bEscuela bíblica de Teología "A.L.E.R.T.A.", _c1982. |
|
| 300 |
_a377 páginas ; _c18 centímetros |
||
| 336 |
_atext _2rdacontent |
||
| 337 |
_aunmediated _2rdamedia |
||
| 338 |
_avolume _2rdacarrier |
||
| 505 | 0 | _aCompendio Bíblico - doctrinal de la A-Y. | |
| 526 | _aSEG42 | ||
| 526 | _aSEG41 | ||
| 526 | _aSEG40 | ||
| 526 | _aSEG39 | ||
| 526 | _aP94 | ||
| 526 | _aP87 | ||
| 526 | _aP86 | ||
| 526 | _aP85 | ||
| 526 | _aP77 | ||
| 526 | _aP76 | ||
| 526 | _aP35 | ||
| 630 |
_aBiblia _xDoctrinas. |
||
| 910 |
_ajck _bjvq _cjck _d20150616 |
||
| 942 |
_2ddc _cBOOK |
||
| 949 |
_a230 D78 _wDEWEY _c1 _i25851 _lCCODEBUL1 _mBUL _r0 _sY _tBOOK _u2015-6-17 _xTEOLOGIA _PP35 _0COMPRA _o.STAFF. Colección Teología |
||
| 994 |
_aC0 _bPEPRU |
||
| 596 | _a1 | ||
| 999 |
_a230 D78 _wDEWEY _c2105 _i25851 _d2105 _e2017-8-8 _f2021-11-11 _g5 _lCCODEBUL1 _mBUL _n1 _p23.00 _r0 _sY _tBOOK _u2015-6-17 _xTEOLOGIA _PP35 _0COMPRA _o.STAFF. Colección Teología |
||
| 980 |
_81 _gALBERTO SANCHEZ Responsable de Automatización |
||